| 000 | 00400nam a2200145 i 4500 | ||
|---|---|---|---|
| 001 | 59736 | ||
| 003 | ES-MaACL | ||
| 005 | 20230906164105.0 | ||
| 007 | t| | ||
| 008 | 031030s1962 sp ||||1| spa d | ||
| 245 | 0 | 0 | _aElectricidad y ElectrotecnÃa. |
| 260 |
_a[S.l. : _bs.n., _c1962] ( _eVitoria : _fTall. Jesús Obrero) |
||
| 300 |
_a184 p. : _bil. ; _c21 cm. |
||
| 852 |
_aES-MaACL _jC-21932 _bR.50517 |
||
| 999 |
_c59736 _d59736 |
||